Electronic commerce / (Record no. 342859)

000 -LEADER
fixed length control field 01831 a2200217 4500
020 ## - INTERNATIONAL STANDARD BOOK NUMBER
International Standard Book Number 8172246668
020 ## - INTERNATIONAL STANDARD BOOK NUMBER
International Standard Book Number 9788172246662
090 ## - LOCALLY ASSIGNED LC-TYPE CALL NUMBER (OCLC); LOCAL CALL NUMBER (RLIN)
-- 290
-- 290
100 1# - MAIN ENTRY--PERSONAL NAME
Personal name Loshin, Peter.
245 10 - TITLE STATEMENT
Title Electronic commerce /
Statement of responsibility, etc. Peter Loshin.
260 ## - PUBLICATION, DISTRIBUTION, ETC.
Place of publication, distribution, etc. [S.l.] :
Name of publisher, distributor, etc. Jaico Publishing House,
Date of publication, distribution, etc. 2005.
300 ## - PHYSICAL DESCRIPTION
Extent 1 v. (unpaged)
500 ## - GENERAL NOTE
General note Hardcover.
520 ## - SUMMARY, ETC.
Summary, etc. The fourth edition of this best-selling title gives a complete overview of the electronic commerce environment. It has been revised and completely updated to reflect the most recent trends in e-commerce, including new material on security technologies, server options, enterprise applications, and investing online. Covering everything from fundamental security issues to future trends, this comprehensive guide provides a thorough knowledge of electronic commerce and the tools needed to conduct business on the Internet. Key Features: * Includes new material on mobile electronic commerce, security technologies, server options, enterprise applications, investing online, smart cards, EDI, intellectual property issues, and supply chain management * Discusses security protocols, e.g., SSL, Java solutions and digital signatures * Provides a thorough discussion of various Internet security issues, e.g., SSL, S-HTTP, Java security, WAP, routers, firewalls, and public key encryption. * Vignettes, sidebars, and case studies apply theory to practical examples Includes a comprehensive glossary, EDI transaction codes, and e-commerce online resources.
650 #4 - SUBJECT ADDED ENTRY--TOPICAL TERM
Topical term or geographic name entry element Business & Management.
650 #4 - SUBJECT ADDED ENTRY--TOPICAL TERM
Topical term or geographic name entry element Internet.
700 1# - ADDED ENTRY--PERSONAL NAME
Personal name Murphy, Paul.
856 40 - ELECTRONIC LOCATION AND ACCESS
Materials specified Amazon.com
Uniform Resource Identifier <a href="http://www.amazon.com/exec/obidos/ASIN/8172246668/chopaconline-20">http://www.amazon.com/exec/obidos/ASIN/8172246668/chopaconline-20</a>
856 40 - ELECTRONIC LOCATION AND ACCESS
Materials specified Amazon customer reviews
Uniform Resource Identifier <a href="http://www.chopac.org/cgi-bin/tools/azrev.pl?q=8172246668">http://www.chopac.org/cgi-bin/tools/azrev.pl?q=8172246668</a>
942 ## - ADDED ENTRY ELEMENTS (KOHA)
Institution code [OBSOLETE] NBS
Koha item type Book
Call number prefix 658.84 LOS
Holdings
Withdrawn status Lost status Damaged status Not for loan Permanent Location Current Location Date acquired Total Checkouts Full call number Barcode Date last seen Price effective from Koha item type Source of classification or shelving scheme Collection code Shelving location
        Central Library (CL) Central Library (CL) 08/28/2013   658.84 LOS NBS3019 08/28/2013 08/28/2013 Book      
        Central Library (CL) Central Library (CL) 08/03/2015   658.84 LOS NBS3018 08/03/2015 08/03/2015 Book     General Stacks
© 2023 Central Library, National University of Sciences and Technology. All Rights Reserved.